00388 a2200097 4500001001000000005001700010008004100027245005300068100004900121773012000170ART_2345520260410161918.0260409a 10aLa integración como respuesta a la complejidad1 aRodríguez de Ramírez, María del Carmen0 tDocumentos de trabajo de contabilidad, auditoría y responsabilidad socialg- Año 3, Nº 6 (dic. 2013)wREV14385